THE CLOSED FAITH ( वाचनालय क.क्र.9 ) (Record no. 378619)

MARC details
000 -LEADER
fixed length control field 00624nam a2200181Ia 4500
008 - FIXED-LENGTH DATA ELEMENTS--GENERAL INFORMATION
fixed length control field 100122s9999 xx 000 0 und d
082 ## - DEWEY DECIMAL CLASSIFICATION NUMBER
Item number 62059
Classification number 910.4
100 ## - MAIN ENTRY--PERSONAL NAME
Personal name CONTI FLAVIO
245 ## - TITLE STATEMENT
Title THE CLOSED FAITH ( वाचनालय क.क्र.9 )
250 ## - EDITION STATEMENT
Edition statement 0
260 ## - PUBLICATION, DISTRIBUTION, ETC. (IMPRINT)
Name of publisher, distributor, etc CASSELL
Date of publication, distribution, etc 1979
300 ## - PHYSICAL DESCRIPTION
Extent 168
520 ## - SUMMARY, ETC.
Summary, etc P.P.RAMACHANDRAN वाचनालय क.क्र.9
620 ## -
-- P.P.RAMACHANDRAN वाचनालय क.क्र.9
630 ## - SUBJECT ADDED ENTRY--UNIFORM TITLE
Uniform title THE CLOSED FAITH ( वाचनालय क.क्र.9 )
730 ## - ADDED ENTRY--UNIFORM TITLE
Uniform title THE CLOSED FAITH ( वाचनालय क.क्र.9 )
942 ## - ADDED ENTRY ELEMENTS (KOHA)
Koha item type Book
Holdings
Withdrawn status Lost status Damaged status Not for loan Home library Current library Shelving location Date acquired Cost, normal purchase price Total Checkouts Full call number Barcode Date last seen Cost, replacement price Price effective from Koha item type Public note
        S.V. Pathak Library, Vile Parle S.V. Pathak Library, Vile Parle   10/22/2002 1000.00   62059 SVPPARLE-62059 01/25/2010 1000.00 01/25/2010 Book "वा.शोकेस 9/1, , General, NA"